Public participation environmental information & awareness in the Mediterranean
Αποθηκεύτηκε σε:
| Κύριος συγγραφέας: | |
|---|---|
| Μορφή: | Βιβλίο |
| Γλώσσα: | English |
| Δημοσίευση: |
Athens :
MIO-ECSDE,
2002
|
| Θέματα: | |
| Ετικέτες: |
Προσθήκη ετικέτας
Δεν υπάρχουν, Καταχωρήστε ετικέτα πρώτοι!
|
MARC
| LEADER | 00000cam a2200000 i 4500 | ||
|---|---|---|---|
| 001 | 1/75576 | ||
| 008 | 050419s2002 eng d | ||
| 020 | |a 960-86312-5-4 | ||
| 035 | |l 10077740 | ||
| 040 | |a GR-MY-UA |b gre |e aacr | ||
| 041 | 0 | |a eng | |
| 082 | 0 | |a 363.70525091822 |2 (21) | |
| 100 | 1 | |a Σκούλλος, Μιχαήλ Ι. | |
| 245 | 1 | 0 | |a Public participation environmental information & awareness in the Mediterranean / |c M.Scoullos, A.Roniotes, V.Maliotidi |
| 260 | |a Athens : |b MIO-ECSDE, |c 2002 | ||
| 300 | |a 86 p.; |c 24 cm. | ||
| 504 | |a Includes bibliographical references | ||
| 650 | 0 | 0 | |a Environmental protection |x Citizen participation |z Mediterrenean Region. |
| 650 | 0 | 0 | |a Environmental policy |x Citizen participation |z Mediterrenean Region. |
| 852 | |a INST |b RHODES |e 20050419 |h 363.70525091822 ΣΚΟ |p 005400023503 |q 005400023503 |t BK |y 0 | ||
| 901 | |a BIBL4-2005-1 | ||
| 909 | |a Ρ |b 101619 | ||
| 970 | |a ΣΙΔΕΡΗ |b ΝΕΚΤΑΡΙΑ |z 2005/04/19 | ||